000 00770nam a2200193 i 4500
001 bg
245 0 0 _aProjekt kodeksu zasad higieny dla produktów akwakultury /
_c[oprac. przez Służbę Utylizacji i Marketingu Ryb FAO].
260 _aGdynia :
_bMorski Instytut Rybacki,
_c1995.
300 _a61 s. ;
_c30 cm.
500 _aU góry okł.: Wspólny Program FAO/WHO Standaryzacji Żywności Komisja Kodyfikacji Produktów Rybnych (Z Hodowli i Rybołówstwa). - Dwudziesta pierwsza sesja, Bergen, Norwegia, 2-6 maj 1994.
650 9 _aRyby
_xhodowla
650 9 _aRyby
_xhigiena
040 _cBPK
041 0 _apl
080 _a639
942 _cKS
008 s pl f |000 0 pol
999 _c38709
_d38709
856 _uhttp://koha.tu.koszalin.pl/cgi-bin/koha/opac-detail.pl?biblionumber=38709
_yKatalog online BPK